| 000 | 00719nam a2200193Ia 4500 | ||
|---|---|---|---|
| 003 | LDD | ||
| 008 | 190117s9999 xx 000 0 und d | ||
| 020 |
_a9788180314278 _c₹225 |
||
| 040 | _cLDD | ||
| 041 | _ahi | ||
| 082 | _a8H3.7 य69252पिं | ||
| 100 | _aयशपाल | ||
| 245 | 0 |
_aपिजरे की उड़ान _cयशपाल |
|
| 260 |
_aलाहाबाद | _bोकभारती प्रताशन 2 _c2011 |
||
| 300 | _a162पृ. | ||
| 901 | _aAJ | ||
| 904 | _aReqst by : J.M. Parakh | ||
| 942 |
_2ddc _cH |
||
| 999 |
_c167606 _d167606 |
||